Способы химического анализа, употребляемые при селекции свекловичных высадков

Podrobná bibliografie
Hlavní autor: Бунге Н. А. Николай Андреевич
Shrnutí:Оттиск из № 2 "Записок Киевского Отделения ИРТО" за 1897 г.
Текст в русской дореформенной орфографии
Печатано с разрешения г. Председателя Киевского Отделения Императорского Русского Технического Общества Н. А. Бунге
Jazyk:ruština
Vydáno: Киев, Типография Н. Т. Корчак-Новицкого, 1897
Témata:
Médium: MixedMaterials Kniha
KOHA link:https://koha.lib.tpu.ru/cgi-bin/koha/opac-detail.pl?biblionumber=310875

MARC

LEADER 00000nam0a2200000 4500
001 310875
005 20231102002329.0
035 |a (RuTPU)RU\TPU\book\336228 
090 |a 310875 
100 |a 20151130d1897 km y0rusy50 ca 
101 0 |a rus 
102 |a UA 
105 |a y z 000zy 
200 1 |a Способы химического анализа, употребляемые при селекции свекловичных высадков  |f Н. А. Бунге 
210 |a Киев  |c Типография Н. Т. Корчак-Новицкого  |d 1897 
215 |a 10 с. 
300 |a Оттиск из № 2 "Записок Киевского Отделения ИРТО" за 1897 г. 
300 |a Текст в русской дореформенной орфографии 
300 |a Печатано с разрешения г. Председателя Киевского Отделения Императорского Русского Технического Общества Н. А. Бунге 
317 |5 63413507: 26//426  |a Поступил в НТБ в 1914 г. в дар от первого директора ТТИ профессора Е. Л. Зубашева 
320 |a Библиография в примечаниях 
606 1 |a Химический анализ  |2 stltpush  |3 (RuTPU)RU\TPU\subj\70293  |9 84646 
610 1 |a аналитическая химия 
610 1 |a химический анализ 
610 1 |a свекловодство 
610 1 |a селекция 
610 1 |a Коллекция Е. Л. Зубашева 
610 1 |a дары библиотеке 
610 1 |a оттиски 
675 |a 543  |v 4 
700 1 |a Бунге  |b Н. А.  |c русский химик  |f 1842-1914  |g Николай Андреевич  |2 stltpush  |3 (RuTPU)RU\TPU\pers\17685  |9 6570 
801 1 |a RU  |b 63413507  |c 20151130 
801 2 |a RU  |b 63413507  |c 20210706  |g RCR 
942 |c BK